الرهان علي الحصان / (Record no. 3754)
[ view plain ]
| 000 -الفاتح | |
|---|---|
| حقل البيانات ثابتة الطول | 00470nac a22001331u 4500 |
| 008 - عناصر البيانات ثابتة الطول - معلومات عامة | |
| حقل البيانات ثابتة الطول | 080914s2002 xxu||||| |||| 00| 0 ara d |
| 020 ## - الرقم الدولى المعيارى للكتب | |
| الرقم الدولى المعيارى للكتاب | 9770908010 |
| 082 ## - رقم تصنيف ديوى العشرى | |
| رقم التصنيف | 320.956 |
| رقم المادة | ف ق ى |
| 245 ## - بيان العنوان | |
| العنوان | الرهان علي الحصان / |
| بيان المسئوليه,etc | مصطفي الفقى |
| 260 ## - PUBLICATION, DISTRIBUTION, ETC. (IMPRINT) | |
| مكان الناشر او الموزع | القاهرة : |
| اسم الناشر او الموزع | دار الشروق ،2002 |
| تاريخ النشر أو التوزيع | 2002. |
| 300 ## - الوصف المادى | |
| التعداد | 319 ص ؛ |
| أبعاد الوعاء | 25 سم . |
| 651 ## - المدخل الاضافى بالموضوع - اسم جغرافى | |
| 9 (RLIN) | 13700 |
| الاسم الجغرافي | العالم العربي |
| التقسيم الفرعي العام | الأحوال السياسية |
| 942 ## - عناصر المدخل الإضافي( كوها) | |
| Koha [default] item type | Book - Borrowing |
| سابقة رقم الطلب | 320.956 ف ق ى |
| مصدر التصنيف او مخطط الترفيف | Dewey Decimal Classification |
| حالة التراجع | حالة الفقد | مصدر التصنيف او خطة الترفيف | حالة تلف | ليس للاعارة | مجموعات كوها | المكان الدائم | المكان الحالي | موقع الترفيف | تاريخ الاكتساب | Source of acquisition | سعر الشراء الطبيعي | رقم الاستدعاء | الباركود | Date last seen | مُعار | التكلفة | نوع الوعاء |
|---|---|---|---|---|---|---|---|---|---|---|---|---|---|---|---|---|---|
| Dewey Decimal Classification | Central Library | Central Library | First floor | 07/05/2015 | 20.00 | 320.956 ف ق ى | 000030573 | 15/07/2025 | 30/11/2011 | 25.00 | Book - Borrowing |